[Event "XII C.to Italiano U20"]
[Site "Bratto - Castione della Presolana ITA"]
[Date "2004.08.21"]
[Round "2"]
[White "Angelini, Marco"]
[Black "Buchicchio, Roberto"]
[Result "0-1"]
[WhiteElo "1682"]
[BlackElo "1832"]
[PlyCount "48"]
[EventDate "2004.08.20"]

1. e4 c5 2. Nf3 Nc6 3. d4 cxd4 4. Nxd4 g6 5. Nc3 Bg7 6. Be3 Nf6 7. Bc4 O-O 8.
f3 Qb6 9. Nce2 Qb4+ 10. Qd2 Qxc4 11. g4 Ne5 12. Nc3 Qxd4 13. Bxd4 Nxf3+ 14. Ke2
Nxd2 15. Kxd2 Nxe4+ 16. Nxe4 Bxd4 17. c3 Bg7 18. h4 b6 19. Rh2 Bb7 20. Nf2 f5
21. g5 d5 22. Re1 e5 23. Nd3 e4 24. Nb4 d4 0-1

[Event "XII C.to Italiano U20"]
[Site "Bratto - Castione della Presolana ITA"]
[Date "2004.08.21"]
[Round "2"]
[White "Bartolini, Leonardo"]
[Black "Drezzadore, Dario"]
[Result "0-1"]
[WhiteElo "1574"]
[BlackElo "1730"]
[PlyCount "86"]
[EventDate "2004.08.20"]

1. d4 Nf6 2. Nf3 d6 3. Bf4 g6 4. e3 Bg7 5. h3 O-O 6. Be2 Nbd7 7. O-O Qe8 8. Bh2
e5 9. c4 Qe7 10. Nc3 c6 11. Rc1 Ne8 12. a3 f5 13. b4 g5 14. Qb3 f4 15. Rcd1 Kh8
16. d5 c5 17. e4 h5 18. Nd2 Nef6 19. Nb5 g4 20. Nc7 Rb8 21. Ne6 Rg8 22. bxc5
Nxc5 23. Nxc5 dxc5 24. Kh1 Bf8 25. Qc3 Nh7 26. Bxf4 Bg7 27. Bh2 Bf6 28. Rg1 Ng5
29. h4 Nf7 30. Bg3 Re8 31. Nb3 b6 32. Rb1 Bd7 33. Ra1 Ba4 34. Bd1 Bxb3 35. Bxb3
Bxh4 36. Ba4 Red8 37. Bc6 Bxg3 38. Qxg3 Nd6 39. Qh2 Qg5 40. Rgc1 Nxe4 41. Rc2
g3 42. fxg3 Nxg3+ 43. Kg1 Rf8 0-1

[Event "XII C.to Italiano U20"]
[Site "Bratto - Castione della Presolana ITA"]
[Date "2004.08.21"]
[Round "2"]
[White "Bevilacqua, Andrea"]
[Black "Berardi, Alessandro"]
[Result "1-0"]
[WhiteElo "1736"]
[BlackElo "1577"]
[PlyCount "141"]
[EventDate "2004.08.20"]

1. e4 e6 2. d4 d5 3. exd5 exd5 4. Bd3 c5 5. c3 Nc6 6. Ne2 cxd4 7. cxd4 Nf6 8.
Bf4 Bd6 9. Bxd6 Qxd6 10. Nbc3 O-O 11. f3 Re8 12. O-O a6 13. a3 Be6 14. b4 b5
15. Qd2 Rab8 16. Rfc1 Rec8 17. Nd1 Ne7 18. Ne3 h6 19. Rxc8+ Bxc8 20. Qc2 Qe6
21. Kf2 Bd7 22. Rc1 Rc8 23. Qb1 Rxc1 24. Qxc1 Qc6 25. Qc5 Kf8 26. Nc1 Be6 27.
Nb3 Nd7 28. Qxc6 Nxc6 29. Nc2 Nb6 30. Nc5 Bc8 31. Ke3 Ke7 32. g4 g6 33. h3 Nb8
34. f4 Nc4+ 35. Bxc4 bxc4 36. Ne1 f5 37. g5 hxg5 38. fxg5 Nc6 39. Ng2 Kf7 40.
Nf4 c3 41. Kd3 c2 42. Nb3 Nd8 43. Kxc2 Ne6 44. Nxe6 Bxe6 45. Nc5 Bc8 46. Nd3
Kg7 47. Nf4 Bb7 48. a4 Bc6 49. Ne6+ Kg8 50. Kb3 Bd7 51. Nf4 Be8 52. b5 axb5 53.
a5 Bc6 54. Kb4 Kf7 55. Kc5 b4 56. Kxb4 Kg7 57. Kc5 Bb7 58. Kb6 Bc8 59. a6 Bxa6
60. Kxa6 Kh7 61. Kb6 Kg7 62. Kc6 Kf7 63. Kxd5 Ke7 64. Nxg6+ Kd7 65. Ke5 f4 66.
Nxf4 Ke7 67. g6 Kf8 68. Kf6 Kg8 69. d5 Kf8 70. d6 Kg8 71. d7 1-0

[Event "XII C.to Italiano U20"]
[Site "Bratto - Castione della Presolana ITA"]
[Date "2004.08.21"]
[Round "2"]
[White "Bonafede, Alessandro"]
[Black "Finocchiaro, Gianluca"]
[Result "1/2-1/2"]
[WhiteElo "2107"]
[BlackElo "1505"]
[PlyCount "39"]
[EventDate "2004.08.20"]

1. e4 d6 2. d4 Nf6 3. Nc3 c6 4. f4 Qa5 5. Bd3 e5 6. Nf3 Bg4 7. Be3 Nbd7 8. O-O
Be7 9. Qe1 Bxf3 10. Rxf3 Ng4 11. Kh1 Nxe3 12. Qxe3 Qb6 13. Ne2 Qxb2 14. Raf1
Qxa2 15. fxe5 dxe5 16. Rxf7 Bf6 17. dxe5 Qxf7 18. exf6 Ne5 19. Nd4 Nxd3 20. Nf5
1/2-1/2

[Event "XII C.to Italiano U20"]
[Site "Bratto - Castione della Presolana ITA"]
[Date "2004.08.21"]
[Round "2"]
[White "Bonagura, Stefano"]
[Black "Pagan, Andrea"]
[Result "1-0"]
[WhiteElo "1784"]
[BlackElo "1679"]
[PlyCount "127"]
[EventDate "2004.08.20"]

1. d4 Nf6 2. Nf3 e6 3. c4 b6 4. Nc3 Bb4 5. Qc2 h6 6. e3 Bb7 7. Bd3 O-O 8. Bd2
d6 9. a3 Bxc3 10. Bxc3 Nbd7 11. b4 Qe7 12. e4 Rfd8 13. O-O c5 14. Rab1 Rab8 15.
Rbd1 e5 16. d5 Bc8 17. Nd2 Nh5 18. Nb3 Qg5 19. Bd2 Qg4 20. f3 Qg6 21. Be3 Ndf6
22. bxc5 bxc5 23. Na5 Bd7 24. Rb1 Nh7 25. f4 Qf6 26. f5 Qh4 27. Nb7 Rf8 28.
Nxd6 Nf4 29. g3 Qg4 30. Bxf4 exf4 31. Rxf4 Qh5 32. h4 Rxb1+ 33. Qxb1 g5 34.
fxg6 Qxg6 35. Nf5 Bxf5 36. Rxf5 Qxg3+ 37. Kf1 Qxh4 38. e5 Qh1+ 39. Ke2 Qg2+ 40.
Kd1 Qg1+ 41. Kc2 Qxb1+ 42. Kxb1 Ng5 43. Rf6 Kg7 44. Kc2 Re8 45. Rf5 Rh8 46. Kb3
Rb8+ 47. Kc3 Rh8 48. Bc2 Nh7 49. Bd1 Nf8 50. Bh5 Ng6 51. d6 Re8 52. Bxg6 Kxg6
53. Rf6+ Kg7 54. Kd3 h5 55. Ke4 h4 56. Kd5 h3 57. Rf1 Rh8 58. Kxc5 h2 59. Rh1
f5 60. d7 Kf7 61. Rxh2 Rd8 62. Kd6 a6 63. e6+ Kf6 64. e7 1-0

[Event "XII C.to Italiano U20"]
[Site "Bratto - Castione della Presolana ITA"]
[Date "2004.08.21"]
[Round "2"]
[White "Bove, Alessandro"]
[Black "Imbraguglia, Fabio"]
[Result "1-0"]
[WhiteElo "2175"]
[BlackElo "1988"]
[PlyCount "59"]
[EventDate "2004.08.20"]

1. e4 c5 2. c3 d5 3. exd5 Qxd5 4. d4 Nf6 5. Nf3 Bg4 6. Nbd2 Nc6 7. Bc4 Bxf3 8.
gxf3 Qd7 9. dxc5 e6 10. b4 Ne5 11. Qe2 Nxc4 12. Nxc4 Be7 13. Rg1 Kf8 14. Bd2
Rd8 15. a3 h5 16. Rd1 h4 17. Bc1 Qxd1+ 18. Qxd1 Rxd1+ 19. Kxd1 Nd5 20. Kc2 Rh5
21. Ne3 Nf4 22. Rd1 h3 23. Nc4 Nd5 24. Na5 b6 25. cxb6 axb6 26. Nc6 Rf5 27. c4
Nf6 28. Nd4 Re5 29. Be3 Nd7 30. Nc6 1-0

[Event "XII C.to Italiano U20"]
[Site "Bratto - Castione della Presolana ITA"]
[Date "2004.08.21"]
[Round "2"]
[White "Braschi, Giancarlo"]
[Black "Basso, Piergiorgio"]
[Result "1/2-1/2"]
[WhiteElo "2196"]
[BlackElo "1742"]
[PlyCount "102"]
[EventDate "2004.08.20"]

1. d4 Nf6 2. c4 g6 3. Nc3 Bg7 4. e4 d6 5. Be2 O-O 6. Bg5 h6 7. Be3 Nbd7 8. Qd2
e5 9. dxe5 dxe5 10. Bxh6 Nc5 11. Qxd8 Rxd8 12. Bg5 c6 13. Nf3 Bg4 14. O-O Rd6
15. h3 Bxf3 16. Bxf3 Ne6 17. Be3 Nd4 18. c5 Rd7 19. Rac1 Bf8 20. b4 Rad8 21.
Bd1 b5 22. g3 Ne6 23. Bb3 Nd4 24. Bd1 Kh7 25. Bg5 Be7 26. f4 Ne6 27. fxe5 Nxg5
28. exf6 Bf8 29. h4 Ne6 30. Be2 Bh6 31. Rcd1 Be3+ 32. Kh1 Bd4 33. Nb1 Be5 34.
Kg2 Rd4 35. Rxd4 Rxd4 36. Bg4 Nf8 37. a3 Rd3 38. Rf3 Rxf3 39. Bxf3 Ne6 40. Nd2
Nd4 41. Bd1 Bxf6 42. e5 Bxe5 43. Nf3 Nxf3 44. Bxf3 Bb2 45. Bxc6 Bxa3 46. Bxb5
Bxb4 47. c6 Bd6 48. g4 Kh6 49. Kf3 f5 50. gxf5 gxf5 51. Bd3 Kh5 1/2-1/2

[Event "XII C.to Italiano U20"]
[Site "Bratto - Castione della Presolana ITA"]
[Date "2004.08.21"]
[Round "2"]
[White "Buono, Michele"]
[Black "Di Caro, Calogero"]
[Result "0-1"]
[WhiteElo "2098"]
[BlackElo "2322"]
[PlyCount "64"]
[EventDate "2004.08.20"]

1. e4 Nc6 2. Nc3 Nf6 3. Bc4 e6 4. Bb3 Bb4 5. Nge2 O-O 6. O-O d6 7. d4 e5 8. Bg5
Bxc3 9. bxc3 h6 10. Bxf6 Qxf6 11. Qd3 g5 12. Kh1 Ne7 13. f4 exf4 14. g3 Bh3 15.
Rf2 Bg4 16. gxf4 Ng6 17. e5 dxe5 18. fxe5 Qc6+ 19. Kg1 Bxe2 20. Qxe2 Qxc3 21.
Rd1 Kg7 22. Rd3 Qb2 23. Qe4 Nf4 24. Rg3 Qa1+ 25. Rf1 Qxd4+ 26. Re3 Qxe4 27.
Rxe4 Rad8 28. Rc4 c6 29. Rb4 Rd7 30. Kf2 Re8 31. Re1 Rde7 32. Kf3 Ng6 0-1

[Event "XII C.to Italiano U20"]
[Site "Bratto - Castione della Presolana ITA"]
[Date "2004.08.21"]
[Round "2"]
[White "Buono, Valerio"]
[Black "Rombaldoni, Denis"]
[Result "0-1"]
[WhiteElo "1978"]
[BlackElo "2224"]
[PlyCount "92"]
[EventDate "2004.08.20"]

1. e4 c6 2. d4 g6 3. Nf3 d5 4. exd5 cxd5 5. c3 Bg7 6. Bf4 Nc6 7. Bd3 Nh6 8. Qd2
Bf5 9. O-O Bxd3 10. Qxd3 O-O 11. Nbd2 f6 12. Rfe1 Qd7 13. Nb3 b6 14. Bxh6 Bxh6
15. Qe2 Rac8 16. Qe6+ Qxe6 17. Rxe6 Kf7 18. Rae1 Bf4 19. R6e2 Rfe8 20. Kf1 h6
21. h3 Bb8 22. Rd1 Rcd8 23. Red2 Rd7 24. g3 Nd8 25. Re2 Nb7 26. Rde1 Nd6 27.
Nbd2 Nf5 28. Kg2 e6 29. Nf1 Nd6 30. N1d2 g5 31. Nh2 h5 32. f3 Nf5 33. Nhf1 h4
34. g4 Ng7 35. Nb3 e5 36. Nfd2 Ne6 37. Kh1 Nf4 38. Rh2 exd4 39. Rxe8 Kxe8 40.
Nxd4 Re7 41. Nc2 Ne2 42. Rg2 Nf4 43. Rh2 Nxh3 44. Rg2 Nf4 45. Rf2 Nd3 46. Rg2
h3 0-1

[Event "XII C.to Italiano U20"]
[Site "Bratto - Castione della Presolana ITA"]
[Date "2004.08.21"]
[Round "2"]
[White "Cantu', Guido"]
[Black "Lampl, Gerald"]
[Result "1-0"]
[WhiteElo "1700"]
[BlackElo "1841"]
[PlyCount "83"]
[EventDate "2004.08.20"]

1. e4 c5 2. Nc3 Nc6 3. f4 e6 4. Nf3 d5 5. Bb5 a6 6. Bxc6+ bxc6 7. b3 Qc7 8. e5
Ne7 9. Na4 Ng6 10. d3 Be7 11. O-O O-O 12. Qd2 Rb8 13. Ba3 Qa7 14. Qe3 Nxf4 15.
Bxc5 Bxc5 16. Qxc5 Qxc5+ 17. Nxc5 Ng6 18. d4 f6 19. Rae1 fxe5 20. Nxe5 Rxf1+
21. Kxf1 Nxe5 22. Rxe5 Kf7 23. Ke2 Ke7 24. Rh5 h6 25. Ke3 a5 26. Kf4 Bd7 27.
Kf3 Rf8+ 28. Ke2 Rf6 29. Nb7 Rf4 30. c3 Rf8 31. Nxa5 Ra8 32. b4 Kd6 33. Re5 Bc8
34. Kd2 Ba6 35. Re1 Bc4 36. a4 Ba6 37. Nb3 Rf8 38. Ke3 Bf1 39. g3 Bc4 40. Nc5
e5 41. dxe5+ Kc7 42. Ne6+ 1-0

[Event "XII C.to Italiano U20"]
[Site "Bratto - Castione della Presolana ITA"]
[Date "2004.08.21"]
[Round "2"]
[White "Cappai, Davide"]
[Black "Battaglia, Edoardo"]
[Result "1/2-1/2"]
[WhiteElo "2132"]
[BlackElo "1877"]
[PlyCount "38"]
[EventDate "2004.08.20"]

1. e4 c6 2. d4 d5 3. Nc3 dxe4 4. Nxe4 Nf6 5. Ng5 h6 6. N5f3 Bf5 7. Bd3 Bxd3 8.
Qxd3 e6 9. Ne5 Nbd7 10. Ngf3 Bd6 11. Qb3 Qc7 12. Nc4 Be7 13. O-O O-O 14. Nfe5
b5 15. Nxd7 Qxd7 16. Ne5 Qc7 17. Qg3 Kh7 18. Qd3+ Kg8 19. Bf4 Qb6 1/2-1/2

[Event "XII C.to Italiano U20"]
[Site "Bratto - Castione della Presolana ITA"]
[Date "2004.08.21"]
[Round "2"]
[White "Covolan, Stefano"]
[Black "Valsecchi, Alessio"]
[Result "0-1"]
[WhiteElo "1586"]
[BlackElo "1739"]
[PlyCount "92"]
[EventDate "2004.08.20"]

1. e4 c5 2. Nf3 d6 3. d4 cxd4 4. Nxd4 Nf6 5. Nc3 g6 6. f4 Bg7 7. Bd3 Nc6 8. Nb3
O-O 9. O-O a6 10. a3 Be6 11. Be3 Ng4 12. Re1 Nxe3 13. Rxe3 Bxb3 14. cxb3 Bd4
15. Qf3 Qb6 16. Nd1 Qxb3 17. Kf1 Bxe3 18. Qxe3 Na5 19. Rc1 Rac8 20. Ke2 d5 21.
e5 Nc4 22. Bxc4 dxc4 23. Qxb3 cxb3 24. Rc3 Rfd8 25. g4 Rxc3 26. Nxc3 Rd4 27.
Ke3 Rc4 28. Nd1 Rc1 29. Kd2 Rc2+ 30. Kd3 Rxh2 31. Kc4 Rd2 32. Ne3 Rxb2 33. Kc3
Re2 34. Nd1 Re4 35. Kxb3 Rxf4 36. Nc3 Rxg4 37. Nd5 Kf8 38. Ne3 Rg3 39. Kb4 Rxe3
40. e6 Rxe6 41. a4 Ke8 42. a5 Re4+ 43. Kc5 Kd7 44. Kb6 Rb4+ 45. Kc5 Rb5+ 46.
Kd4 Kd6 0-1

[Event "XII C.to Italiano U20"]
[Site "Bratto - Castione della Presolana ITA"]
[Date "2004.08.21"]
[Round "2"]
[White "D'Apa, Matteo"]
[Black "Ronchetti, Niccolo'"]
[Result "0-1"]
[WhiteElo "1939"]
[BlackElo "2216"]
[PlyCount "66"]
[EventDate "2004.08.20"]

1. d4 Nf6 2. c4 c6 3. Nc3 d5 4. Nf3 dxc4 5. a4 Bf5 6. e3 e6 7. Bxc4 Bb4 8. O-O
O-O 9. Bd2 Nbd7 10. h3 Qe7 11. Nh4 Bg6 12. Nxg6 hxg6 13. Ne2 Bd6 14. Bd3 e5 15.
dxe5 Nxe5 16. Bc2 Rad8 17. Qb1 Nc4 18. Bc3 Nd5 19. Qc1 Nxc3 20. bxc3 Ba3 21.
Rxa3 Nxa3 22. Bb3 b5 23. Nd4 Rc8 24. Qd1 Qc5 25. Qg4 Nc4 26. axb5 cxb5 27. Bc2
Ne5 28. Qg3 Nc6 29. Ne6 fxe6 30. Qxg6 Rf6 31. Qh7+ Kf7 32. f4 Qxe3+ 33. Kh1 Rh6
0-1

[Event "XII C.to Italiano U20"]
[Site "Bratto - Castione della Presolana ITA"]
[Date "2004.08.21"]
[Round "2"]
[White "Damia, Angelo"]
[Black "Mora, Lorenzo"]
[Result "1-0"]
[WhiteElo "2129"]
[BlackElo "1844"]
[PlyCount "65"]
[EventDate "2004.08.20"]

1. e4 e5 2. Nf3 Nc6 3. d4 exd4 4. Nxd4 Nf6 5. Nc3 Bb4 6. Nxc6 bxc6 7. Bd3 d5 8.
exd5 cxd5 9. O-O O-O 10. Bg5 Be6 11. Ne2 c5 12. c3 Ba5 13. Qa4 c4 14. Bxf6 gxf6
15. Bb1 f5 16. Qc2 Bc7 17. Nd4 Qh4 18. g3 Qe4 19. Qd2 Qg4 20. Qc2 Qe4 21. Qa4
Qe5 22. Qd1 Bb6 23. Nxf5 Bxf5 24. Qh5 Rad8 25. Bxf5 Qg7 26. Rfe1 h6 27. Rad1
Rd6 28. Re2 Rfd8 29. Rde1 Qg5 30. Qf3 Rf6 31. Re5 Bc7 32. h4 Qd2 33. R5e2 1-0

[Event "XII C.to Italiano U20"]
[Site "Bratto - Castione della Presolana ITA"]
[Date "2004.08.21"]
[Round "2"]
[White "Ferrante, Marco"]
[Black "Buchicchio, Giampaolo"]
[Result "0-1"]
[WhiteElo "2074"]
[BlackElo "2291"]
[PlyCount "76"]
[EventDate "2004.08.20"]

1. e4 c5 2. Nf3 e6 3. d4 cxd4 4. Nxd4 Nf6 5. Nc3 Nc6 6. g3 d5 7. Bg5 Bc5 8.
Nxc6 bxc6 9. e5 h6 10. exf6 hxg5 11. fxg7 Rg8 12. Qd3 Rxg7 13. Bg2 Qb6 14. Nd1
Ba6 15. Qb3 Qa5+ 16. c3 Qc7 17. Bf1 Bb7 18. Ne3 O-O-O 19. O-O-O Rh7 20. Re1
Rdh8 21. h3 Kb8 22. Qc2 f5 23. Qd3 Bc8 24. Bg2 e5 25. c4 f4 26. gxf4 gxf4 27.
Nd1 e4 28. Qb3+ Bb7 29. Kb1 f3 30. Bf1 Qa5 31. Qc3 Qb6 32. Qe5+ Ka8 33. cxd5
cxd5 34. Re3 Bd4 35. Qf5 Bxe3 36. Nxe3 Qb4 37. Nc2 Qc5 38. Ne3 Rc7 0-1

[Event "XII C.to Italiano U20"]
[Site "Bratto - Castione della Presolana ITA"]
[Date "2004.08.21"]
[Round "2"]
[White "Forato, Enrico"]
[Black "Frilli, Guido"]
[Result "0-1"]
[WhiteElo "1739"]
[BlackElo "2131"]
[PlyCount "82"]
[EventDate "2004.08.20"]

1. e4 c5 2. Nf3 Nc6 3. d4 cxd4 4. Nxd4 Nf6 5. Nc3 e5 6. Ndb5 d6 7. Nd5 Nxd5 8.
exd5 Nb8 9. c4 Be7 10. Bd3 a6 11. Nc3 O-O 12. Be3 f5 13. f3 Nd7 14. O-O Bg5 15.
Bf2 Qf6 16. Qc2 Bf4 17. b4 Qh6 18. g3 Be3 19. Bxf5 Nb6 20. Bd3 Rxf3 21. Nd1
Bxf2+ 22. Rxf2 Bg4 23. Rxf3 Bxf3 24. Qf2 Bxd1 25. Rxd1 Nd7 26. Rf1 Rf8 27. Qe2
Rxf1+ 28. Kxf1 g6 29. Qg4 Qc1+ 30. Kf2 Nf8 31. c5 dxc5 32. d6 Qd2+ 33. Be2 Qxd6
34. Qc4+ Kg7 35. bxc5 Qf6+ 36. Ke1 Ne6 37. Qd5 Nd4 38. Qxb7+ Kh6 39. Qxa6 Qg5
40. Qc4 Qe3 41. c6 Nf3+ 0-1

[Event "XII C.to Italiano U20"]
[Site "Bratto - Castione della Presolana ITA"]
[Date "2004.08.21"]
[Round "2"]
[White "Fortino, Fabrizio"]
[Black "Regorda, Massimiliano"]
[Result "1/2-1/2"]
[WhiteElo "1931"]
[BlackElo "1703"]
[PlyCount "42"]
[EventDate "2004.08.20"]

1. e4 e5 2. Nf3 Nc6 3. Bb5 g6 4. c3 Bg7 5. O-O a6 6. Ba4 b5 7. Bc2 d6 8. h3 Nf6
9. d4 O-O 10. a4 Bb7 11. d5 Ne7 12. Bg5 Qd7 13. Qd2 Nh5 14. Bh6 f5 15. Bxg7
Nxg7 16. Qh6 Nh5 17. exf5 Nxf5 18. Bxf5 Rxf5 19. axb5 axb5 20. Rxa8+ Bxa8 21.
Nbd2 Bxd5 1/2-1/2

[Event "XII C.to Italiano U20"]
[Site "Bratto - Castione della Presolana ITA"]
[Date "2004.08.21"]
[Round "2"]
[White "Gatterer, Matthias"]
[Black "Brunello, Sabino"]
[Result "0-1"]
[WhiteElo "1844"]
[BlackElo "2193"]
[PlyCount "108"]
[EventDate "2004.08.20"]

1. d4 Nf6 2. Nf3 e6 3. c4 d5 4. Nc3 Be7 5. Bg5 O-O 6. e3 Nbd7 7. Rc1 c6 8. Qc2
dxc4 9. Bxc4 Nd5 10. Bxe7 Qxe7 11. a3 Nxc3 12. Qxc3 b6 13. O-O Bb7 14. Rfd1 c5
15. Bb5 Bxf3 16. gxf3 cxd4 17. Rxd4 Ne5 18. Be2 Qb7 19. f4 Nf3+ 20. Bxf3 Qxf3
21. Qc6 Qg4+ 22. Kh1 Qe2 23. Qc2 Qf3+ 24. Kg1 Rae8 25. Qd1 Qh3 26. Kh1 g6 27.
b4 Kg7 28. b5 e5 29. fxe5 Rxe5 30. Rd5 Re7 31. a4 Rfe8 32. Rc4 Re6 33. Rdd4 Kg8
34. Rd8 Rxd8 35. Qxd8+ Kg7 36. Qd1 Re5 37. Qe2 Rd5 38. Rd4 Rg5 39. f3 Rc5 40.
Rd1 Qf5 41. e4 Qf6 42. Kg2 Rc3 43. Rd2 Rxf3 44. Rd6 Qxd6 45. Qxf3 Qd2+ 46. Kg3
Qd4 47. Qf4 h6 48. h4 Qxa4 49. Qe5+ Kh7 50. Qd5 Qa3+ 51. Kf2 Qc5+ 52. Qxc5 bxc5
53. Ke2 g5 54. hxg5 hxg5 0-1

[Event "XII C.to Italiano U20"]
[Site "Bratto - Castione della Presolana ITA"]
[Date "2004.08.21"]
[Round "2"]
[White "Giovannini, Stefano"]
[Black "Santagati, Alessandro"]
[Result "0-1"]
[WhiteElo "1712"]
[BlackElo "2176"]
[PlyCount "102"]
[EventDate "2004.08.20"]

1. d4 Nf6 2. c4 e6 3. Nc3 d5 4. Bg5 c6 5. Nf3 dxc4 6. e3 Bb4 7. Bxc4 Qa5 8. Qc2
Ne4 9. Qxe4 Bxc3+ 10. Ke2 Bxb2 11. Rab1 Qc3 12. Qd3 Qxd3+ 13. Bxd3 Ba3 14. Bf4
O-O 15. Ne5 f6 16. Nc4 Be7 17. Rhc1 Nd7 18. Bd6 Re8 19. Bxe7 Rxe7 20. Nd6 Nb6
21. e4 e5 22. dxe5 Rxe5 23. Kf1 Kf8 24. f3 Ke7 25. Nc4 Nxc4 26. Rxc4 Re6 27.
Rd4 Rd6 28. Rxd6 Kxd6 29. Ke2 b6 30. Bc4 b5 31. Bg8 c5 32. Rd1+ Kc7 33. Bxh7
Be6 34. Bf5 Bxf5 35. exf5 c4 36. Rb1 Kc6 37. Kd2 Kc5 38. Kc2 Re8 39. Kd1 c3 40.
a3 a5 41. h4 Kc4 42. g4 b4 43. axb4 axb4 44. Ra1 b3 45. Ra7 c2+ 46. Kd2 Rd8+
47. Ke2 Rd1 48. Rc7+ Kb4 49. Rb7+ Ka3 50. Rxg7 c1=Q 51. Ra7+ Kb2 0-1

[Event "XII C.to Italiano U20"]
[Site "Bratto - Castione della Presolana ITA"]
[Date "2004.08.21"]
[Round "2"]
[White "Lain, Luigi"]
[Black "Kidane, Robel"]
[Result "0-1"]
[WhiteElo "2243"]
[BlackElo "2081"]
[PlyCount "84"]
[EventDate "2004.08.20"]

1. d4 Nf6 2. c4 g6 3. f3 d5 4. cxd5 Nxd5 5. e4 Nb6 6. Nc3 Bg7 7. Be3 O-O 8. Qd2
Nc6 9. O-O-O e5 10. d5 Nd4 11. Bh6 c6 12. h4 Bxh6 13. Qxh6 cxd5 14. h5 Qc7 15.
exd5 Nxd5 16. hxg6 fxg6 17. Bc4 Be6 18. Bxd5 Bxd5 19. Kb1 Be6 20. Rc1 Rf7 21.
Nh3 Nf5 22. Qg5 Qa5 23. g4 Nd6 24. f4 Nb5 25. a3 Nxc3+ 26. Rxc3 Qd5 27. Rf1
exf4 28. Qxd5 Bxd5 29. Rxf4 Rxf4 30. Nxf4 Bc6 31. b4 Rf8 32. Rc4 Re8 33. Kc2
Re3 34. Nd3 Rxd3 35. Rxc6 bxc6 36. Kxd3 h5 37. Ke4 hxg4 38. Kf4 Kf7 39. Kxg4
Kf6 40. a4 a6 41. a5 Ke5 42. Kg5 Kd4 0-1

[Event "XII C.to Italiano U20"]
[Site "Bratto - Castione della Presolana ITA"]
[Date "2004.08.21"]
[Round "2"]
[White "Lettieri, Giuseppe"]
[Black "Castellano, Fabio Marco"]
[Result "1-0"]
[WhiteElo "2144"]
[BlackElo "1946"]
[PlyCount "63"]
[EventDate "2004.08.20"]

1. e4 c5 2. c3 d5 3. exd5 Qxd5 4. d4 g6 5. Nf3 Bg7 6. Be3 cxd4 7. cxd4 Nf6 8.
Be2 Nc6 9. O-O O-O 10. Nc3 Qa5 11. a3 Nd5 12. Qb3 Nxc3 13. bxc3 Qc7 14. Rac1
Bg4 15. Qa2 e5 16. d5 e4 17. Ng5 Bxe2 18. Qxe2 Na5 19. Nxe4 Nc4 20. Bc5 Rfc8
21. Qxc4 b6 22. d6 Qc6 23. Rcd1 bxc5 24. d7 Rd8 25. Rd6 Qc7 26. Rfd1 Rab8 27.
g3 Rb7 28. Ng5 Rb1 29. Qxf7+ Kh8 30. Rxb1 Qxd6 31. Qe6 Qf8 32. Nf7+ 1-0

[Event "XII C.to Italiano U20"]
[Site "Bratto - Castione della Presolana ITA"]
[Date "2004.08.21"]
[Round "2"]
[White "Longo, Aldo"]
[Black "Oblak, Mitja"]
[Result "1-0"]
[WhiteElo "1888"]
[BlackElo "1556"]
[PlyCount "63"]
[EventDate "2004.08.20"]

1. e4 c5 2. Nc3 Nc6 3. g3 Nf6 4. f4 d6 5. Bg2 g6 6. Nf3 Bg7 7. d3 Qc7 8. O-O
O-O 9. h3 Bd7 10. g4 e6 11. Nh4 Nd4 12. e5 dxe5 13. fxe5 Ne8 14. Bg5 Bc6 15.
Bf6 Bxg2 16. Nxg2 Nc6 17. Bxg7 Kxg7 18. Ne4 Nxe5 19. g5 Nd6 20. Nf6 Nf5 21. Qe1
Nd4 22. Qd1 c4 23. c3 Nf5 24. d4 Rad8 25. Qc2 Nd3 26. Ne4 Qc6 27. Qe2 Rfe8 28.
Nf6 Re7 29. Qg4 Nxb2 30. Rxf5 exf5 31. Qh4 Rh8 32. Qh6# 1-0

[Event "XII C.to Italiano U20"]
[Site "Bratto - Castione della Presolana ITA"]
[Date "2004.08.21"]
[Round "2"]
[White "Massironi, Marco"]
[Black "Hellweger, Stefan"]
[Result "1-0"]
[WhiteElo "2121"]
[BlackElo "1664"]
[PlyCount "73"]
[EventDate "2004.08.20"]

1. e4 e5 2. Nf3 Nc6 3. Bb5 d6 4. d4 exd4 5. Qxd4 Qf6 6. e5 dxe5 7. Nxe5 Nge7 8.
O-O a6 9. Nxc6 Nxc6 10. Re1+ Be6 11. Qa4 O-O-O 12. Bxc6 bxc6 13. Qxa6+ Kd7 14.
Nc3 Qh4 15. Ne4 Bd6 16. Nxd6 cxd6 17. Qb7+ Ke8 18. Qxc6+ Ke7 19. Qb5 h6 20. Qd3
Rhe8 21. Re4 Qf6 22. Qd4 Qxd4 23. Rxd4 Bf5 24. c4 Kd7 25. Bf4 Re2 26. Rxd6+ Ke7
27. Rxd8 Kxd8 28. b4 Kd7 29. c5 Kc6 30. a4 Bd3 31. Be3 f5 32. b5+ Kb7 33. c6+
Kc7 34. Rc1 g5 35. b6+ Kc8 36. b7+ Kc7 37. Bb6+ 1-0

[Event "XII C.to Italiano U20"]
[Site "Bratto - Castione della Presolana ITA"]
[Date "2004.08.21"]
[Round "2"]
[White "Perico', Alessandro"]
[Black "Xia, Jie"]
[Result "0-1"]
[WhiteElo "1685"]
[BlackElo "2126"]
[PlyCount "92"]
[EventDate "2004.08.20"]

1. d4 Nf6 2. c4 g6 3. Nc3 Bg7 4. e4 d6 5. Be3 O-O 6. f3 e5 7. d5 Ne8 8. h4 f5
9. g3 f4 10. gxf4 exf4 11. Bd4 Nd7 12. Nge2 Ne5 13. Bxe5 Bxe5 14. Qd2 Ng7 15.
Kd1 Qf6 16. Kc2 a6 17. Bh3 Bxh3 18. Rxh3 b5 19. cxb5 axb5 20. Rc1 b4 21. Nd1
Rxa2 22. Qxb4 Nh5 23. Nec3 Raa8 24. Nf2 Rfb8 25. Qc4 Bxc3 26. Qxc3 Qxc3+ 27.
Kxc3 Ng3 28. Re1 Ra5 29. Nd3 Rab5 30. Nxf4 Rb3+ 31. Kc2 Rxb2+ 32. Kc1 Nf1 33.
Nd3 Rd2 34. Rxf1 Rxd3 35. Rg3 Ra3 36. Kc2 Ra2+ 37. Kc3 Rb5 38. h5 Kf7 39. hxg6+
hxg6 40. Rfg1 Rf2 41. Kc4 Rfb2 42. Rxg6 R2b3 43. Rg7+ Kf6 44. R1g6+ Ke5 45.
Re6+ Kf4 46. Rf7+ Ke3 0-1

[Event "XII C.to Italiano U20"]
[Site "Bratto - Castione della Presolana ITA"]
[Date "2004.08.21"]
[Round "2"]
[White "Polilli, Andrea"]
[Black "Buchicchio, Alessandro"]
[Result "0-1"]
[WhiteElo "1679"]
[BlackElo "1813"]
[PlyCount "82"]
[EventDate "2004.08.20"]

1. e4 e6 2. d4 d5 3. exd5 exd5 4. Bd3 Bd6 5. Nf3 Nf6 6. O-O O-O 7. Re1 Bg4 8.
h3 Bh5 9. Nbd2 Nbd7 10. c3 c6 11. Nf1 Qc7 12. Bg5 Bf4 13. Bxf4 Qxf4 14. Qd2 Qc7
15. N3h2 c5 16. f4 cxd4 17. cxd4 g5 18. g4 gxf4 19. gxh5 Kh8 20. Qf2 Rg8+ 21.
Kh1 Rg5 22. Qf3 Rag8 23. Ng4 Nxg4 24. hxg4 Rxg4 25. Re2 Qd8 26. Bf5 Qh4+ 27.
Nh2 Rg3 28. Qxd5 Nf6 29. Qxf7 Qg5 30. Ree1 Qxf5 31. Qe6 Qxe6 32. Rxe6 Nxh5 33.
Rf1 Rg2 34. Rb1 Rd2 35. Nf3 Rf2 36. Nh2 Rgg2 37. Nf1 Rxb2 38. Rc1 Ng3+ 39. Nxg3
Rxg3 40. Rh6 Kg7 41. Rh4 f3 0-1

[Event "XII C.to Italiano U20"]
[Site "Bratto - Castione della Presolana ITA"]
[Date "2004.08.21"]
[Round "2"]
[White "Pomaro, Alberto"]
[Black "Gilardi, Davide"]
[Result "1-0"]
[WhiteElo "1727"]
[BlackElo "1440"]
[PlyCount "61"]
[EventDate "2004.08.20"]

1. c4 Nf6 2. Nc3 e6 3. Nf3 d5 4. e3 c6 5. d4 Nbd7 6. Bd3 Qc7 7. O-O b6 8. b3
Bd6 9. Bb2 Ng4 10. h3 Nh2 11. Rc1 Nxf1 12. Qxf1 Bb7 13. cxd5 exd5 14. Nxd5 Qd8
15. Nc3 c5 16. d5 O-O 17. Ne4 Bb8 18. Bc4 Re8 19. Qd3 Ne5 20. Qc3 Nxf3+ 21.
gxf3 Be5 22. Qc2 Bxb2 23. Qxb2 Bxd5 24. Rd1 Qe7 25. Rxd5 Rad8 26. Rg5 Rd1+ 27.
Kg2 g6 28. Nf6+ Kf8 29. Nxh7+ Kg8 30. Rxg6+ Kxh7 31. Qg7# 1-0